[Event "European Cities & Towns Chess Championship - Youth"]
[Site "Central Europe"]
[Date "2023.01.29"]
[Round "2.3.1"]
[White "Tamiolakis, Grigorios"]
[Black "Gales, Randi-Ioan"]
[Result "0-1"]
[WhiteElo "1226"]
[BlackElo "1911"]
[BlackCountry "RO"]
[BlackFideId "1285360"]
[BlackTeam "CSM Galati"]
[WhiteCountry "GR"]
[WhiteFideId "42143799"]
[WhiteTeam "Heraklion"]

1. e4 c5 2. Nf3 Nc6 3. Bb5 e6 4. c3 Nge7 5. O-O a6 6. Bc4 b5 7. Bb3 Bb7 8.
 d4 cxd4 9. cxd4 Na5 10. Bc2 Ng6 11. Re1 Be7 12. d5 Qc7 13. Bd2 Nc4 14. 
Bc3 O-O 15. Nbd2 Nb6 16. dxe6 dxe6 17. Qe2 e5 18. Nb3 Nc4 19. Nc1 Nf4 20. 
Qf1 b4 21. Bd2 Nxd2 22. Nxd2 Qxc2 23. Ncb3 a5 24. Rec1 Qd3 25. Rc7 Bxe4 
26. Nxe4 Qxe4 27. Rxe7 a4 28. Nd2 Qd4 29. Nf3 Qxb2 30. Rxe5 b3 31. axb3 
axb3 32. Rb1 Qc3 33. Re3 Qc2 34. Rexb3 Rfc8 35. R3b2 Qg6 36. Rb6 Qf5 37. 
R6b5 Qg6 38. Rb6 Ne6 39. Ne5 Qf5 40. Nf3 h6 41. R6b5 Qg6 42. Ne5 Qe4 43. 
Nf3 Rc2 44. Re5 Qc6 45. Re2 Rc4 46. Ne5 Qd5 47. Nxc4 Qxc4 48. Re3 Qg4 49. 
Rg3 Qf5 50. Qd3 Qf6 51. Qc2 Rd8 52. h3 Nd4 53. Qb2 Re8 54. Rf1 Ne2+ 55. 
Kh2 Qxb2 0-1

[Event "European Cities & Towns Chess Championship - Youth"]
[Site "Central Europe"]
[Date "2023.01.29"]
[Round "2.3.2"]
[White "Leu, Dragos Stefan"]
[Black "Anastasaki, Georgia"]
[Result "1-0"]
[WhiteElo "1810"]
[BlackElo "1000"]
[BlackCountry "GR"]
[BlackFideId "42112419"]
[BlackTeam "Heraklion"]
[WhiteCountry "RO"]
[WhiteFideId "1292730"]
[WhiteTeam "CSM Galati"]

1. d4 d5 2. Bf4 Bf5 3. c4 e6 4. Nc3 Nf6 5. e3 Bb4 6. Qb3 Bxc3+ 7. bxc3 O-O
8. Qxb7 Nbd7 9. Bxc7 Qc8 10. Qxc8 Raxc8 11. Bd6 Rfe8 12. c5 Ne4 13. Bb5 
Red8 14. Be7 Nxc3 15. Ba6 Re8 16. Bxc8 Rxc8 17. Ne2 Nxe2 18. Kxe2 Re8 19. 
Bd6 Nb8 20. Bxb8 Rxb8 21. Rac1 Rb2+ 22. Kf3 Be4+ 23. Kg3 h5 24. c6 Bf5 25.
 c7 e5 26. c8=Q+ Bxc8 27. Rxc8+ Kh7 28. dxe5 Rxa2 29. Rd1 g5 30. h4 gxh4+ 
31. Kf3 Ra4 32. Rxd5 Rg4 33. e6 fxe6 34. Rxh5+ Kg6 35. Kxg4 a5 36. Rf8 a4 
37. Rg5+ Kh6 38. Rh8# 1-0

[Event "European Cities & Towns Chess Championship - Youth"]
[Site "Central Europe"]
[Date "2023.01.29"]
[Round "2.3.3"]
[White "Chatzisavvas, Nikolaos"]
[Black "Mohonea, Alexandru"]
[Result "0-1"]
[WhiteElo "1000"]
[BlackElo "1329"]
[BlackCountry "RO"]
[BlackFideId "42205077"]
[BlackTeam "CSM Galati"]
[WhiteCountry "GR"]
[WhiteFideId "42124247"]
[WhiteTeam "Heraklion"]

1. e4 d5 2. exd5 Qxd5 3. Nc3 Qd6 4. Nf3 a6 5. d4 Nf6 6. Bg5 Nbd7 7. Bd3 h6
8. Bh4 Nb6 9. Bg3 Qd8 10. Qd2 Bg4 11. O-O-O e6 12. Rde1 Bxf3 13. gxf3 Bb4 
14. a3 Be7 15. Qf4 Nbd5 16. Nxd5 Nxd5 17. Qg4 h5 18. Qe4 Rb8 19. Bc4 Nf6 
20. Qf4 O-O 21. Qxc7 Qxc7 22. Bxc7 Rbc8 23. Bg3 Rxc4 24. Rd1 Rd8 25. Be5 
Rcc8 26. Rhg1 g6 27. Rg3 Nd7 28. Bf4 Nb6 29. Be3 Nd5 30. Bd2 b5 31. Rdg1 
b4 32. axb4 Nxb4 33. Bxb4 Bxb4 34. Rg5 Rd5 35. Rxd5 exd5 36. Rg5 Rd8 37. 
c3 Bd6 38. h4 Bf4+ 39. Kc2 Bxg5 40. hxg5 Re8 41. Kd2 h4 42. Kd3 h3 43. Kd2
h2 44. Kc2 h1=Q 45. Kb3 Qd1+ 46. Ka3 Rb8 47. b4 Rc8 48. Kb2 Qd2+ 49. Ka3 
Rxc3+ 50. Ka4 Qa2# 0-1

[Event "European Cities & Towns Chess Championship - Youth"]
[Site "Central Europe"]
[Date "2023.01.29"]
[Round "2.3.4"]
[White "George, Cernencu"]
[Black "Kilaidakis, Ioannis"]
[Result "0-1"]
[WhiteElo "1000"]
[BlackElo "1000"]
[BlackCountry "GR"]
[BlackFideId "42133564"]
[BlackTeam "Heraklion"]
[WhiteTeam "CSM Galati"]

1. e4 e5 2. Nf3 Nc6 3. d4 exd4 4. Bc4 Nf6 5. e5 d5 6. Bb5 Ne4 7. Nxd4 Bd7 
8. Bxc6 bxc6 9. O-O Bc5 10. Be3 Bb6 11. Nd2 Bxd4 12. Bxd4 c5 13. Be3 Nxd2 
14. Qxd2 d4 15. Bg5 Qb8 16. c3 Qb6 17. Rfd1 h6 18. Bf4 Be6 19. cxd4 Rd8 
20. Be3 cxd4 21. Bxd4 c5 22. Bxc5 Rxd2 23. Bxb6 Rxd1+ 24. Rxd1 axb6 25. a3
Ke7 26. Kf1 Rd8 27. Rc1 Rc8 28. Rd1 Rc2 29. Rb1 Bc4+ 30. Kg1 Ba2 31. Rd1 
Rxb2 32. Kf1 Rb1 33. Rxb1 Bxb1 34. Ke2 Ke6 35. f4 g5 36. fxg5 hxg5 37. Kd2
Kxe5 38. Kc1 Be4 39. g3 f5 40. Kd2 Kd4 41. Kc1 Kc3 42. Kd1 Kb3 43. Ke2 g4 
44. Ke3 Kxa3 45. Kf4 b5 46. Kg5 b4 47. Kf4 b3 0-1

[Event "European Cities & Towns Chess Championship - Youth"]
[Site "Central Europe"]
[Date "2023.01.29"]
[Round "2.4.1"]
[White "Rusu, Lucas"]
[Black "Gromosiak, Antonii"]
[Result "1-0"]
[WhiteElo "1625"]
[BlackElo "1735"]
[BlackCountry "UA"]
[BlackFideId "34121366"]
[BlackTeam "Kyiv region"]
[WhiteCountry "RO"]
[WhiteFideId "42206472"]
[WhiteTeam "Iasi"]

1. e4 c5 2. Nf3 d6 3. c3 Nf6 4. Be2 Nc6 5. d4 cxd4 6. cxd4 d5 7. e5 Ne4 8.
 Nc3 Bf5 9. Qb3 Nxc3 10. bxc3 Qd7 11. Be3 a6 12. O-O e6 13. a3 Be7 14. 
Rfd1 O-O 15. h3 b5 16. a4 Na5 17. Qa2 b4 18. cxb4 Bxb4 19. Rac1 Rfc8 20. 
Nh4 Be4 21. f3 Bg6 22. Nxg6 hxg6 23. Rb1 Nc6 24. Rdc1 a5 25. Bb5 Qb7 26. 
Qe2 Qb6 27. Qf2 Na7 28. Bd3 Rc6 29. Rxc6 Qxc6 30. Qe2 Qxa4 31. Rc1 Qd7 32.
 Qa2 Rc8 33. Qb2 Rxc1+ 34. Qxc1 Qc6 35. Qb2 Qc3 36. Qxc3 Bxc3 37. Bc2 Nb5 
38. Kf1 Bxd4 39. Bxd4 Nxd4 40. Ba4 Nf5 41. g4 Ne7 42. Kf2 Nc8 43. Ke3 Nb6 
44. Bb5 a4 45. Kd4 a3 46. Kc3 Nc4 47. Kb3 Kh7 48. Bxc4 dxc4+ 49. Kxa3 Kh6 
50. h4 g5 51. h5 g6 52. hxg6 Kxg6 53. Kb4 f6 54. exf6 Kxf6 55. Kxc4 Ke5 
56. Kd3 Kf4 57. Ke2 Kg3 58. Ke3 e5 59. Ke4 Kf2 60. Kxe5 Kxf3 61. Kf5 Ke3 
62. Kxg5 Ke4 63. Kf6 Kf4 64. g5 1-0

[Event "European Cities & Towns Chess Championship - Youth"]
[Site "Central Europe"]
[Date "2023.01.29"]
[Round "2.4.2"]
[White "Gromosiak, Oleksii"]
[Black "Cazacu, Iustin-Nicolas"]
[Result "0-1"]
[WhiteElo "1312"]
[BlackElo "1549"]
[BlackCountry "RO"]
[BlackFideId "42206367"]
[BlackTeam "Iasi"]
[WhiteCountry "UA"]
[WhiteFideId "34137904"]
[WhiteTeam "Kyiv region"]

1. e4 e6 2. d4 d5 3. exd5 exd5 4. Nf3 Nf6 5. Be2 Be7 6. O-O O-O 7. Re1 c5 
8. Bf4 Nc6 9. Bb5 Bg4 10. h3 Bxf3 11. Qxf3 Nxd4 12. Qd3 Bd6 13. Bxd6 Qxd6 
14. c3 Ne6 15. Nd2 Qb6 16. c4 a6 17. cxd5 Nxd5 18. Qxd5 Qxb5 19. b3 Rad8 
20. a4 Rxd5 21. axb5 Rxd2 22. bxa6 bxa6 23. Rxa6 Nd4 24. Rb1 h6 25. b4 Rb8
26. Ra4 c4 27. Kf1 c3 28. Ke1 c2 29. Rc1 Nb3 30. Ra2 Re8+ 31. Kf1 Rd1+ 32.
 Rxd1 cxd1=R# 0-1

[Event "European Cities & Towns Chess Championship - Youth"]
[Site "Central Europe"]
[Date "2023.01.29"]
[Round "2.4.3"]
[White "Dumitru, Rucsandra Sofia"]
[Black "Chunikhin, Miron"]
[Result "0-1"]
[WhiteElo "1156"]
[BlackElo "1000"]
[BlackCountry "UA"]
[BlackFideId "34161325"]
[BlackTeam "Kyiv region"]
[WhiteCountry "RO"]
[WhiteFideId "42204011"]
[WhiteTeam "Iasi"]

1. d4 d5 2. c4 dxc4 3. e3 e5 4. Bxc4 Bb4+ 5. Nc3 Nc6 6. Nf3 f6 7. O-O Bg4 
8. Qb3 Nge7 9. Bf7+ Kf8 10. dxe5 Bxf3 11. gxf3 Nxe5 12. f4 Nxf7 13. Qxb4 
g5 14. Rd1 Qc8 15. Nd5 Qg4+ 16. Kf1 Qxd1+ 17. Kg2 Qxd5+ 18. Kg1 gxf4 19. 
exf4 Rg8+ 20. Kf1 Qd1+ 21. Qe1 Rg1+ 22. Kxg1 Qxe1+ 23. Kg2 Qe4+ 24. Kf1 
Rd8 25. Be3 Qh1+ 26. Ke2 Qxa1 27. Kf3 Qd1+ 28. Kg2 Nf5 29. Bc5+ Kg8 30. b3
Qd5+ 31. Kf1 Qxc5 32. h3 Ng3+ 33. fxg3 Qc2 34. Kg1 Rd1# 0-1

[Event "European Cities & Towns Chess Championship - Youth"]
[Site "Central Europe"]
[Date "2023.01.29"]
[Round "2.4.4"]
[White "Andrey, Dudnikov"]
[Black "Tcaciuc, Smaranda-Maria"]
[Result "1-0"]
[WhiteElo "1000"]
[BlackElo "1105"]
[BlackCountry "RO"]
[BlackFideId "42204992"]
[BlackTeam "Iasi"]
[WhiteTeam "Kyiv region"]

1. e4 c5 2. Nf3 e6 3. d4 cxd4 4. Qxd4 Nc6 5. Qa4 Bb4+ 6. c3 Ba5 7. b4 Bb6 
8. Bb5 Nf6 9. Nbd2 O-O 10. O-O a6 11. h3 Ra7 12. Bd3 Nh5 13. e5 Nf4 14. 
Bb1 Nd5 15. Qc2 Bc7 16. Qxh7# 1-0

[Event "European Cities & Towns Chess Championship - Youth"]
[Site "Central Europe"]
[Date "2023.01.29"]
[Round "2.5.1"]
[White "Molchanov, Roman"]
[Black "Tzimas, Konstantinos"]
[Result "0-1"]
[WhiteElo "1329"]
[BlackElo "1275"]
[BlackCountry "GR"]
[BlackFideId "42123828"]
[BlackTeam "Ioannina"]
[WhiteCountry "UA"]
[WhiteFideId "34131086"]
[WhiteTeam "Lviv Chess Federation"]

1. e4 c5 2. Nf3 d6 3. c3 Nf6 4. h3 e6 5. Bd3 d5 6. exd5 exd5 7. O-O Be7 8.
 Bc2 O-O 9. Re1 Nc6 10. d4 cxd4 11. cxd4 Be6 12. Nc3 Rc8 13. Qd3 Nb4 14. 
Qd1 Nxc2 15. Qxc2 Ne4 16. Ne5 Bb4 17. Bd2 Qc7 18. Rac1 Qb6 19. Nf3 Rc6 20.
 Qd1 Nxd2 21. Qxd2 Rfc8 22. Re3 Qa5 23. a3 Bxc3 24. Rexc3 Rxc3 25. Rxc3 
Rxc3 26. Qxc3 Qxc3 27. bxc3 f6 28. Nd2 Kf7 29. f3 Ke7 30. Kf2 Kd6 31. Ke2 
Kc6 32. Nb3 b6 33. a4 Bf5 34. Kd2 a5 35. Kc1 Bd3 36. g3 Bf1 37. h4 Be2 38.
 f4 h5 39. Kd2 Bc4 40. Nc1 Kd6 41. f5 Bf1 42. Ke3 b5 43. axb5 Bxb5 44. Kd2
Bf1 45. Nb3 a4 46. Nc5 a3 47. Kc2 Bh3 48. Ne6 Bxf5+ 49. Kb3 Bxe6 50. Kxa3 
g5 51. Kb3 gxh4 52. gxh4 f5 53. Kc2 f4 54. Kd2 Bg4 55. Ke1 Ke6 56. Kf2 Kf5
57. Kg2 Ke4 58. Kf2 Kd3 0-1

[Event "European Cities & Towns Chess Championship - Youth"]
[Site "Central Europe"]
[Date "2023.01.29"]
[Round "2.5.2"]
[White "Tzima, Anthia"]
[Black "Gavker, Markiyan"]
[Result "0-1"]
[WhiteElo "1116"]
[BlackElo "1310"]
[BlackCountry "UA"]
[BlackFideId "34133810"]
[BlackTeam "Lviv Chess Federation"]
[Termination "time forfeit"]
[WhiteCountry "GR"]
[WhiteFideId "42124042"]
[WhiteTeam "Ioannina"]

1. d4 Nf6 2. Bf4 d5 3. Nf3 Bf5 4. e3 e6 5. h3 Bd6 6. Ne5 Bxe5 7. Bxe5 Nbd7
8. Bh2 O-O 9. Nd2 Ne4 10. Bd3 Ndf6 11. f3 Nxd2 12. Bxf5 Nc4 13. Bg4 Nxe3 
14. Qe2 Nc4 15. b3 Nd6 16. Be5 b6 17. Qe3 Rc8 18. Qg5 h6 19. Qh4 Nd7 20. 
Qxd8 Rfxd8 21. f4 Nxe5 22. fxe5 Nb7 23. O-O c5 24. c3 c4 25. Rf3 Rc7 26. 
Raf1 cxb3 27. axb3 Na5 28. Rb1 Rdc8 29. c4 dxc4 30. d5 Re8 31. dxe6 fxe6 
32. bxc4 Rxc4 0-1

[Event "European Cities & Towns Chess Championship - Youth"]
[Site "Central Europe"]
[Date "2023.01.29"]
[Round "2.5.3"]
[White "Hychkevych, Vitaliy"]
[Black "Paterakis, Panagiotis Emm"]
[Result "1-0"]
[WhiteElo "1251"]
[BlackElo "1070"]
[BlackCountry "GR"]
[BlackFideId "25894900"]
[BlackTeam "Ioannina"]
[WhiteCountry "UA"]
[WhiteFideId "34127046"]
[WhiteTeam "Lviv Chess Federation"]

1. d4 d5 2. c4 c6 3. Nc3 Nf6 4. Bg5 Bf5 5. e3 e6 6. Nf3 Nbd7 7. Be2 Bb4 8.
 O-O O-O 9. Ne5 h6 10. Nxd7 Qxd7 11. Bxf6 gxf6 12. f4 Kh7 13. cxd5 exd5 
14. Bd3 Bxc3 15. bxc3 Rg8 16. Qc2 Bxd3 17. Qxd3+ f5 18. Rf3 Qe6 19. Rh3 
Qg6 20. Qe2 Rae8 21. Rf1 Qg4 22. Rff3 Re4 23. Qf2 Rge8 24. Rh4 Qg7 25. Rg3
Qf8 26. Rgh3 R8e6 27. Rh5 Rg6 28. Rxf5 Qg7 29. Rfh5 Ree6 30. f5 Rgf6 31. 
fxe6 Rxf2 32. Rxh6+ Qxh6 33. Rxh6+ Kxh6 34. e7 Rxa2 35. e8=Q Ra1+ 36. Kf2 
Ra2+ 37. Kg3 a5 38. Qxf7 Re2 39. Qf4+ Kh7 40. Qh4+ Kg8 41. Qg4+ Kf7 42. 
Qxe2 b5 43. h4 a4 44. h5 Kg7 45. Kh4 a3 46. g4 Kf6 47. g5+ Kg7 48. h6+ Kh7
49. Kh5 a2 50. g6+ Kg8 51. Qg4 Kf8 52. g7+ Ke7 53. g8=Q Kd6 54. Q4e6+ Kc7 
55. Qgc8+ Kb6 56. Qexc6+ Ka5 57. Q8a6# 1-0

[Event "European Cities & Towns Chess Championship - Youth"]
[Site "Central Europe"]
[Date "2023.01.29"]
[Round "2.5.4"]
[White "Georgios, Basios"]
[Black "Korchevskyi, Volodymyr"]
[Result "0-1"]
[WhiteElo "1000"]
[BlackElo "1244"]
[BlackCountry "UA"]
[BlackFideId "34157310"]
[BlackTeam "Lviv Chess Federation"]
[WhiteTeam "Ioannina"]

1. Nf3 Nf6 2. Nc3 Nc6 3. e4 d6 4. d4 g6 5. e5 dxe5 6. dxe5 Qxd1+ 7. Kxd1 
Ng4 8. Ke1 Ngxe5 9. Nxe5 Nxe5 10. f4 Nc6 11. Bb5 Bd7 12. Be3 a6 13. Bxc6 
Bxc6 14. Rg1 Bg7 15. g3 O-O-O 16. Rd1 Rxd1+ 17. Kxd1 Rd8+ 18. Bd2 Bd4 19. 
Re1 e6 20. a3 Bf2 21. Re2 Bf3 22. b3 Be3 23. Ke1 Bxe2 24. Kxe2 Bxd2 25. 
Nb1 Bc1 26. g4 Bxf4 27. h4 Bg3 28. h5 Rd5 29. h6 Bf4 30. Kf3 Bxh6 31. c4 
Rd1 32. Nc3 Rd3+ 33. Kf2 Rxc3 34. b4 Rxa3 35. b5 axb5 36. cxb5 b6 37. Kg2 
Rb3 38. Kf2 Rxb5 39. Kg3 c5 40. Kf2 c4 41. Ke2 c3 42. Kd1 Rb2 43. g5 Bxg5 
44. Ke1 Rd2 45. Kf1 c2 46. Ke1 c1=R# 0-1

[Event "European Cities & Towns Chess Championship - Youth"]
[Site "Central Europe"]
[Date "2023.01.29"]
[Round "2.6.1"]
[White "Beber, Anja"]
[Black "Borodich, Miroslav"]
[Result "0-1"]
[WhiteElo "1591"]
[BlackElo "1326"]
[BlackCountry "CY"]
[BlackFideId "5906571"]
[BlackTeam "Nicosia"]
[WhiteCountry "SI"]
[WhiteFideId "14642255"]
[WhiteTeam "Ljubljana U12"]

1. e4 c5 2. Nf3 Nc6 3. d4 cxd4 4. Nxd4 Nf6 5. Nc3 e5 6. Ndb5 d6 7. Be3 a6 
8. Na3 b5 9. Nd5 Nxd5 10. exd5 Ne7 11. c4 b4 12. Qa4+ Bd7 13. Qxb4 Nf5 14.
 Bd2 Rb8 15. Qc3 g6 16. Nc2 Bg7 17. Qa3 O-O 18. Be2 Nd4 19. Nxd4 exd4 20. 
O-O d3 21. Qxd3 Rxb2 22. a3 Bf5 23. Qe3 Re8 24. Bf3 Rxe3 25. Bxe3 Rb3 26. 
Rac1 Bd3 27. Rfe1 Bc3 28. Rxc3 Rxc3 29. Bc1 Rb3 30. c5 Rb1 31. c6 Qg5 32. 
c7 Rxc1 33. c8=Q+ Rxc8 34. h3 Rc1 35. Rxc1 Qxc1+ 36. Kh2 Qxa3 0-1

[Event "European Cities & Towns Chess Championship - Youth"]
[Site "Central Europe"]
[Date "2023.01.29"]
[Round "2.6.2"]
[White "Bannoura, Daniel"]
[Black "Kartashov, Maksim"]
[Result "1-0"]
[WhiteElo "1000"]
[BlackElo "1000"]
[BlackCountry "SI"]
[BlackFideId "14655446"]
[BlackTeam "Ljubljana U12"]
[WhiteCountry "CY"]
[WhiteFideId "5909546"]
[WhiteTeam "Nicosia"]

1. e4 e5 2. Nf3 Nc6 3. Nc3 Nf6 4. Bb5 Bc5 5. Bxc6 dxc6 6. Nxe5 Bd4 7. Nf3 
O-O 8. O-O Re8 9. d3 c5 10. Be3 Bxe3 11. fxe3 Nh5 12. d4 cxd4 13. exd4 Qf6
14. Ne5 Qg5 15. Nxf7 Qg6 16. e5 Bh3 17. g3 Qc6 18. d5 Qc5+ 19. Rf2 Rxe5 
20. Nxe5 Rf8 21. Nd3 Qb6 22. Qxh5 Bd7 23. Rf1 Rxf2 24. Rxf2 c6 25. Qf7+ 
Kh8 26. Qf8# 1-0

[Event "European Cities & Towns Chess Championship - Youth"]
[Site "Central Europe"]
[Date "2023.01.29"]
[Round "2.6.3"]
[White "Kartashov, Nikita"]
[Black "Stavrou, Christoforos"]
[Result "1-0"]
[WhiteElo "1000"]
[BlackElo "1000"]
[BlackTeam "Nicosia"]
[WhiteCountry "SI"]
[WhiteFideId "14655454"]
[WhiteTeam "Ljubljana U12"]

1. e4 e5 2. Nf3 Nc6 3. Nc3 Bb4 4. d4 exd4 5. Nxd4 Nf6 6. Bg5 Bxc3+ 7. bxc3
d5 8. Nxc6 bxc6 9. Bd3 h6 10. Bh4 dxe4 11. Bxe4 Qe7 12. f3 g5 13. Bg3 Nxe4
14. O-O Nxc3 15. Qd4 Ne2+ 16. Kh1 Nxd4 17. Rfe1 Qxe1+ 18. Rxe1+ Kd8 19. 
Rd1 c5 20. c3 Bf5 21. cxd4 cxd4 22. Rxd4+ Kc8 23. h3 Rd8 24. Rc4 Rd1+ 25. 
Kh2 Rd7 26. Rc5 Be6 27. h4 gxh4 28. Bxh4 Bxa2 29. Re5 Kb7 30. Rb5+ Kc6 31.
 Rb2 Rd4 32. Bf2 Ra4 33. Rc2+ Kd7 34. Rd2+ Ke7 35. Bc5+ Kf6 36. Re2 Ra5 
37. Bd4+ Kg6 38. g4 Bc4 39. Re4 Ra2+ 40. Kg3 Bd3 41. Rf4 h5 42. Rf6+ Kg5 
43. f4# 1-0

[Event "European Cities & Towns Chess Championship - Youth"]
[Site "Central Europe"]
[Date "2023.01.29"]
[Round "2.6.4"]
[White "Stylianou, Achilleas"]
[Black "Kovacic, Jakob"]
[Result "1/2-1/2"]
[WhiteElo "1000"]
[BlackElo "1000"]
[BlackCountry "SI"]
[BlackFideId "14645645"]
[BlackTeam "Ljubljana U12"]
[WhiteTeam "Nicosia"]

1. e4 e5 2. Nf3 Nc6 3. Bb5 a6 4. Ba4 Nf6 5. d3 Be7 6. Bb3 O-O 7. d4 d6 8. 
d5 Na5 9. O-O Nxb3 10. cxb3 Nxe4 11. Nc3 Nxc3 12. bxc3 Bg4 13. Qc2 Bxf3 
14. gxf3 Bg5 15. Rd1 Bxc1 16. Qxc1 Qf6 17. Kf1 Qxf3 18. Ke1 Qe4+ 19. Qe3 
Qxe3+ 20. fxe3 f5 21. Rd2 f4 22. exf4 Rxf4 23. Rf2 Raf8 24. Rxf4 Rxf4 25. 
Kd2 Rf2+ 26. Kd3 Rxh2 27. a3 Rh3+ 28. Kc2 Rh2+ 29. Kd3 Rf2 30. Rh1 g5 31. 
Rg1 h6 32. Rh1 Kg7 33. Ke3 Rf4 34. c4 Kg6 35. Rf1 h5 36. Rxf4 gxf4+ 37. 
Kf3 Kg5 38. c5 h4 39. cxd6 cxd6 40. b4 b5 41. a4 bxa4 42. b5 axb5 43. Kg2 
a3 44. Kf3 b4 45. Ke4 b3 46. Kd3 a2 47. Kc4 h3 48. Kb5 a1=Q 49. Kc6 Qd4 
50. Kxd6 Qxd5+ 51. Kc7 Qc5+ 52. Kd7 Qb6 53. Kc8 Kf6 54. Kd7 Qe6+ 55. Kc7 
Qc4+ 56. Kd7 Qb5+ 57. Kd6 e4 58. Kc7 Qe5+ 59. Kc6 Ke6 60. Kb6 Qc3 61. Kb5 
b2 62. Ka4 b1=Q 1/2-1/2

[Event "European Cities & Towns Chess Championship - Youth"]
[Site "Central Europe"]
[Date "2023.01.29"]
[Round "3.1.1"]
[White "Kuru, Atilla"]
[Black "Sahin, Sarp"]
[Result "1-0"]
[WhiteElo "2054"]
[BlackElo "1841"]
[BlackCountry "TR"]
[BlackFideId "51605066"]
[BlackTeam "Ankara"]
[WhiteCountry "TR"]
[WhiteFideId "51607948"]
[WhiteTeam "Istanbul"]

1. c4 Nf6 2. Nf3 e6 3. Nc3 d5 4. e3 c6 5. b3 Nbd7 6. Bb2 Bd6 7. Qc2 Qe7 8.
 Be2 b6 9. cxd5 exd5 10. Nd4 Nb8 11. Ncb5 Bd7 12. Nxd6+ Qxd6 13. Nf5 Bxf5 
14. Qxf5 Nbd7 15. O-O O-O 16. Rac1 a5 17. Rc2 a4 18. Rfc1 c5 19. Bb5 axb3 
20. axb3 Ra5 21. Bxd7 Qxd7 22. Qg5 h6 23. Qg3 Qf5 24. b4 Rb5 25. bxc5 bxc5
26. h3 Rfb8 27. Bxf6 Qxf6 28. Rxc5 Rb1 29. d4 Qa6 30. Qf4 Qa1 31. Qxb8+ 
1-0

[Event "European Cities & Towns Chess Championship - Youth"]
[Site "Central Europe"]
[Date "2023.01.29"]
[Round "3.1.2"]
[White "Yilmaz, Baver"]
[Black "Uzdemir, Ali Poyraz"]
[Result "0-1"]
[WhiteElo "1779"]
[BlackElo "1638"]
[BlackCountry "TR"]
[BlackFideId "51619733"]
[BlackTeam "Istanbul"]
[WhiteCountry "TR"]
[WhiteFideId "26363542"]
[WhiteTeam "Ankara"]

1. e4 e5 2. Nf3 Nc6 3. Bb5 d6 4. d4 exd4 5. Nxd4 Bd7 6. Nc3 Nf6 7. O-O Be7
8. Bf4 O-O 9. Bxc6 bxc6 10. Re1 c5 11. Nf3 Be6 12. e5 Nh5 13. Bd2 d5 14. 
Qe2 c6 15. Rad1 Qc8 16. Bc1 Rb8 17. a3 Re8 18. h3 g6 19. Nh2 Ng7 20. Ng4 
Bxg4 21. hxg4 Ne6 22. Qd3 Bf8 23. Ne2 Bg7 24. Ng3 Nd4 25. c3 Nb3 26. Bf4 
Qxg4 27. Qe3 d4 28. Qe4 g5 29. Bd2 Qxe4 30. Nxe4 Rxe5 31. Bxg5 Rbe8 32. f3
f5 33. Bf6 R5e6 34. cxd4 fxe4 35. Bxg7 Kxg7 36. d5 cxd5 37. Rxd5 exf3 38. 
Rxe6 Rxe6 39. gxf3 Kf6 40. Rd7 Re7 41. Rd6+ Kf5 42. Kf2 Nd4 43. Rd5+ Re5 
44. Rd7 Kf4 45. Rf7+ Rf5 46. Rxh7 Nxf3 47. Rxa7 Ke4 48. Re7+ Ne5+ 49. Ke2 
Rh5 50. Kd2 Kd4 51. Kc2 c4 52. Re8 Rh2+ 53. Kb1 Nd3 54. Rd8+ Ke5 55. Rb8 
Kd4 56. Rd8+ Ke3 57. a4 Rxb2+ 58. Ka1 Rb4 59. Ra8 c3 60. Rc8 Kd2 61. a5 c2
62. a6 Ra4# 0-1

[Event "European Cities & Towns Chess Championship - Youth"]
[Site "Central Europe"]
[Date "2023.01.29"]
[Round "3.1.3"]
[White "Akkara, Omer"]
[Black "Celebi, Mehmet Alper"]
[Result "1-0"]
[WhiteElo "1443"]
[BlackElo "1614"]
[BlackCountry "TR"]
[BlackFideId "51603934"]
[BlackTeam "Ankara"]
[Termination "time forfeit"]
[WhiteCountry "TR"]
[WhiteFideId "26319802"]
[WhiteTeam "Istanbul"]

1. b3 c5 2. Bb2 Nc6 3. Nf3 Nf6 4. e3 e6 5. c4 d5 6. cxd5 exd5 7. d4 Bg4 8.
 Be2 Be7 9. O-O O-O 10. dxc5 Bxc5 11. Nc3 Bxf3 12. Bxf3 d4 13. Na4 Bb6 14.
 Nxb6 Qxb6 15. Bxc6 Qxc6 16. Qxd4 Rfd8 17. Qh4 Ne4 18. Rac1 Qg6 19. Rfd1 
Ng5 20. Qg3 Rxd1+ 21. Rxd1 Qc2 22. Qd6 Ne6 23. Qd2 Rc8 24. h3 h6 25. Ba3 
Qf5 26. Rc1 Rd8 27. Qc2 Qa5 28. Bb2 b5 29. a3 a6 30. b4 Qb6 31. Rd1 Rd6 
32. Qe2 1-0

[Event "European Cities & Towns Chess Championship - Youth"]
[Site "Central Europe"]
[Date "2023.01.29"]
[Round "3.1.4"]
[White "Ozugur, Bartu Okan"]
[Black "Sahin, Zeynep Duru"]
[Result "0-1"]
[WhiteElo "1177"]
[BlackElo "1385"]
[BlackCountry "TR"]
[BlackFideId "51606550"]
[BlackTeam "Istanbul"]
[Termination "time forfeit"]
[WhiteCountry "TR"]
[WhiteFideId "26321289"]
[WhiteTeam "Ankara"]

1. e4 e6 2. d4 d5 3. Nd2 Nf6 4. e5 Nfd7 5. f4 c5 6. c3 Nc6 7. Ngf3 Qb6 8. 
Nb3 a5 9. a4 cxd4 10. cxd4 Bb4+ 11. Kf2 f6 12. Bb5 fxe5 13. fxe5 O-O 14. 
Kg3 Be7 15. Rf1 Qd8 16. h3 Qe8 17. Be3 Qg6+ 18. Kh2 Nb4 19. Rc1 Nb6 20. 
Qe2 Bd7 21. Bxd7 Nxd7 22. Qb5 Rfd8 23. Nxa5 b6 24. Nc6 Nxc6 25. Qxc6 Rac8 
26. Qxc8 Rxc8 27. Rxc8+ Nf8 28. Bg5 Bb4 29. Bd2 Be7 30. Ne1 h6 31. Nf3 Qd3
32. Re8 Qxf1 33. Rxe7 Qb1 34. Re8 Qxb2 35. Kg3 Kf7 36. Rb8 Qb3 0-1

[Event "European Cities & Towns Chess Championship - Youth"]
[Site "Central Europe"]
[Date "2023.01.29"]
[Round "3.2.1"]
[White "Gales, Randi-Ioan"]
[Black "Rusu, Lucas"]
[Result "1/2-1/2"]
[WhiteElo "1911"]
[BlackElo "1625"]
[BlackCountry "RO"]
[BlackFideId "42206472"]
[BlackTeam "Iasi"]
[WhiteCountry "RO"]
[WhiteFideId "1285360"]
[WhiteTeam "CSM Galati"]

1. d4 Nf6 2. c4 g6 3. Nc3 d5 4. cxd5 Nxd5 5. e4 Nxc3 6. bxc3 Bg7 7. Bc4 c5
8. Ne2 Nc6 9. Be3 Qa5 10. O-O O-O 11. e5 Rd8 12. Qb3 e6 13. h4 a6 14. a4 
Qc7 15. h5 Na5 16. Qa2 Nxc4 17. Qxc4 b6 18. h6 Bh8 19. Bg5 Re8 20. Rab1 
Bb7 21. Qb3 Be4 22. Qxb6 Qd7 23. Rb2 c4 24. Nf4 Qxa4 25. Rb4 Qc6 26. Qxc6 
Bxc6 27. Rxc4 Bb5 28. Rb4 Bxf1 29. Kxf1 a5 30. Ra4 Rec8 31. Ne2 Rcb8 32. 
Nc1 Rb2 33. Nd3 Rb3 34. Bd2 Rb5 35. c4 Rbb8 36. Ke2 f6 37. f4 Kf7 38. Nc5 
Rd8 39. Ke3 fxe5 40. fxe5 g5 41. Ke4 Ra7 42. g3 Rb8 43. Bxg5 Rb4 44. Rxb4 
axb4 45. Bd2 b3 46. Nxb3 Ra3 47. Nc5 Rxg3 48. d5 Rg4+ 49. Kd3 exd5 1/2-1/2

[Event "European Cities & Towns Chess Championship - Youth"]
[Site "Central Europe"]
[Date "2023.01.29"]
[Round "3.2.2"]
[White "Cazacu, Iustin-Nicolas"]
[Black "Leu, Dragos Stefan"]
[Result "1/2-1/2"]
[WhiteElo "1549"]
[BlackElo "1810"]
[BlackCountry "RO"]
[BlackFideId "1292730"]
[BlackTeam "CSM Galati"]
[WhiteCountry "RO"]
[WhiteFideId "42206367"]
[WhiteTeam "Iasi"]

1. Nf3 Nf6 2. g3 g6 3. Bg2 Bg7 4. O-O O-O 5. c4 d6 6. d4 Nbd7 7. Nc3 e5 8.
 dxe5 Nxe5 9. Nxe5 dxe5 10. Qxd8 Rxd8 11. Bg5 Be6 12. Ne4 Nxe4 13. Bxd8 
Nd2 14. Bxc7 Nxf1 15. Rxf1 Rc8 16. Bd6 Rxc4 17. Bxb7 Rc2 18. Ba3 Rxe2 19. 
Rd1 h6 20. Bf3 Rc2 21. Be4 Rc4 22. Bd5 Rd4 23. Bf3 Rxd1+ 24. Bxd1 Bxa2 25.
 Bc5 a6 26. Be2 a5 27. Bd1 Bf8 28. Bb6 Bb4 29. Bc7 e4 30. Bc2 Bd5 31. Kf1 
Bc4+ 32. Kg2 f5 33. h4 Kf7 34. Bf4 h5 35. f3 Bd5 36. fxe4 Bxe4+ 37. Bxe4 
fxe4 38. Kf2 Ke6 39. b3 Kd5 40. Ke3 Bc5+ 41. Kd2 Bd6 42. Ke3 Bc5+ 43. Kd2 
Bf2 44. Ke2 Bd4 45. Bc7 Be5 46. Bxa5 Bxg3 47. Bd8 Kd4 48. b4 Bd6 49. b5 
Kd5 50. b6 Bc5 51. b7 Ba7 52. Bc7 Ke6 53. b8=Q Bxb8 54. Bxb8 Kf5 55. Bd6 
g5 56. hxg5 Kxg5 57. Ke3 Kf5 58. Be7 Kg4 59. Kxe4 h4 60. Bxh4 1/2-1/2